000 00385cam a2200157ua 4500
041 _aeng
_h
082 _a828.09
_bSWI/AR
100 _aSwinnerton, Frank .
245 _aArnolde bennett /
_cFrank Swinnerton.
_hTextual Documents
250 _a1 /
_b.
260 _aLondon :
_bLongman Green and Co ,
_c1961.
300 _a30 ; .
504 _a
942 _cBK
999 _c11566
_d11566